000 00321nam a22001457a 4500
008 210527b ||||| |||| 00| 0 eng d
020 _a9780595655960
041 _aeng
080 _a339.138
082 _a339.138
100 _a60
101 _aMAR
245 _aMarketing Baby Boomers
_cBrent Green
942 _2udc
_cBK
999 _c57716
_d57716